Metody rešenija ekstremaľnych zadač i ich primenenije v sisitemach optimalizacii

Na minha lista:
Detalhes bibliográficos
Autor principal: Jevtušenko, Jurij Gavrilovič (Author)
Formato: Livro
Idioma:russo
Publicado em: Moskva : Nauka, 1982
Tags: Adicionar Tag
Sem tags, seja o primeiro a adicionar uma tag!

MARC

LEADER 00000nam a22000003a 4500
001 stu137509
005 20150617225920.9
008 070131s1982------------------------rus-d
040 |a STU  |b slo 
041 0 |a rus 
080 |a 519.6 
080 |a 517  |7 stu_us_auth*stu8334 
080 |a 681.5.015.23 
100 1 |a Jevtušenko, Jurij Gavrilovič  |4 aut 
245 1 |a Metody rešenija ekstremaľnych zadač i ich primenenije v sisitemach optimalizacii 
260 |a Moskva :  |b Nauka,  |c 1982 
300 |a 432 s 
996 |b E51058  |c E*51058  |l EE03  |s P  |a 0  |w stu137509_0002